书目信息 |
| 题名: |
青春之之歌
|
|
| 作者: | 杨沫 著 | |
| 分册: | ||
| 出版信息: |
|
|
| 页数: | ||
| 开本: | ||
| 丛书名: | ||
| 单 册: | ||
| 中图分类: | I217.2 | |
| 科图分类: | ||
| 主题词: | 文学--作品集--中国 | |
| 电子资源: | ||
| ISBN: | ||
| 000 | 00417nam0 2200157 45 | |
| 001 | 0006161574 | |
| 005 | 20000616153016.4 | |
| 100 | @a20000616d km y0chiy0120 ea | |
| 101 | 0 | @achi |
| 105 | @a z 000yy | |
| 200 | 1 | @a青春之之歌@AQing Chun Zhi Zhi Ge@f杨沫著@FYang Mo Zhu |
| 606 | 0 | @a文学@x作品集@x中国 |
| 690 | @aI217.2@v3 | |
| 701 | 0 | @a杨沫@4著 |
| 801 | @aCN@bPftUser@c20000616 | |
| 905 | @b205945@dI217.2@eY636/2@f1 | |
| 青春之之歌/杨沫著 |
| ISBN : |
| ● |
| 相关链接 |
|
|
|
正题名:青春之之歌
索取号:I217.2/Y636/2
 
预约/预借
| 序号 | 登录号 | 条形码 | 馆藏地/架位号 | 状态 | 备注 |
| 1 | 205945 | 202059459 | 文学库108/ [索取号:I217.2/Y636/2] | 在馆 |